| 000 | 00635cam a2200205 4500 | ||
|---|---|---|---|
| 001 | B2412 | ||
| 008 | 090401t1988 xxu||||| |||| 00| 0 eng d | ||
| 035 | _a(Sirsi) u49900 | ||
| 041 | _aeng | ||
| 050 | _a333.33209415 | ||
| 100 | _aHarrington, Michael | ||
| 245 | _aOverage :the valuation of over-rented investment property | ||
| 260 |
_aDublin _bSociety of Chartered Surveyors _c1988 |
||
| 300 | _a(15) leaves ; 30cm. | ||
| 350 | _a0 | ||
| 520 | _aJoint second prize winner in the research paper scheme of the Society of Chartered Surveyors in the Republic of Ireland . | ||
| 650 | _aEIRE | ||
| 942 | _n0 | ||
| 948 | _c04/03/1997 | ||
| 999 |
_c92613 _d92613 |
||